300 prénoms féminins les plus populaires au Québec - 1980 - Statistiques

Statistiques générales
  • Ce quiz a été pris 71 fois
  • Le résultat moyen est 70 sur 300
Statistiques - réponses
Réponse % Correct
Marie
94%
Mary
94%
Ann
81%
Julie
78%
Karen
69%
Anne
66%
Helen
66%
Isabel
66%
Annie
63%
Anny
63%
Caroline
63%
Hélène
63%
Louise
63%
Maria
63%
Anna
59%
Audray
59%
Audrey
59%
Christine
59%
Isabelle
59%
Karine
59%
Nathalie
59%
Lucie
56%
Sophie
56%
Catherine
53%
Céline
53%
Claire
53%
Julia
53%
Katherine
53%
Sylvie
53%
Véronique
53%
Alexandra
50%
José
50%
Amélie
47%
Camille
47%
Chloé
47%
Claude
47%
Elisa
47%
Emmanuelle
47%
Gabrielle
47%
Lisa
47%
Lise
47%
Marianne
47%
Michelle
47%
Béatrice
44%
Christelle
44%
Christiane
44%
Emilie
44%
Emily
44%
Laura
44%
Martine
44%
Stéphanie
44%
Valérie
44%
Valéry
44%
Alicia
41%
Brigitte
41%
Carole
41%
Dominique
41%
Laurence
41%
Manon
41%
Mélanie
41%
Michèle
41%
Monique
41%
Patricia
41%
Sara
41%
Sarah
41%
Vanessa
41%
Virginie
41%
Annick
38%
Annik
38%
Claudia
38%
Claudine
38%
Corinne
38%
Denise
38%
Diane
38%
Elisabeth
38%
Elise
38%
France
38%
Jessica
38%
Kathy
38%
Noémie
38%
Sabrina
38%
Sophia
38%
Andrée
34%
Eve
34%
Geneviève
34%
Marina
34%
Mélissa
34%
Rosalie
34%
Aline
31%
Andréa
31%
Carine
31%
Cathy
31%
Josée
31%
Linda
31%
Madeleine
31%
Marie-Josée
31%
Maud
31%
Pascale
31%
Suzanne
31%
Chantal
28%
Danielle
28%
Estelle
28%
Francine
28%
Johanne
28%
Josianne
28%
Laurie
28%
Lina
28%
Line
28%
Marie-Anne
28%
Marie-Pier
28%
Renée
28%
Sandra
28%
Sylvia
28%
Andréanne
25%
Arianne
25%
Cindy
25%
Marie-Claude
25%
Marie-Pierre
25%
Nicole
25%
Angèle
22%
Annabelle
22%
Christina
22%
Cristina
22%
Evelyne
22%
Fannie
22%
Fanny
22%
Frédérique
22%
Jennifer
22%
Jocelyne
22%
Josiane
22%
Marie-Claire
22%
Marilou
22%
Marjorie
22%
Maude
22%
Myriam
22%
Nadia
22%
Nadine
22%
Natacha
22%
Rachel
22%
Amanda
19%
Angélique
19%
Anne-Marie
19%
Ariane
19%
Chantale
19%
Diana
19%
Eloïse
19%
Esther
19%
Katie
19%
Katy
19%
Kelly
19%
Kim
19%
Magali
19%
Marie-Eve
19%
Marie-France
19%
Mélodie
19%
Mireille
19%
Mylène
19%
Roxane
19%
Roxanne
19%
Samantha
19%
Sonia
19%
Vickie
19%
Vicky
19%
Viviane
19%
Andrée-Anne
16%
Anita
16%
Carla
16%
Claudie
16%
Cynthia
16%
Daphné
16%
Jessie
16%
Jessy
16%
Joëlle
16%
Judith
16%
Kate
16%
Kimberly
16%
Lyne
16%
Magalie
16%
Marie-Hélène
16%
Marie-Lou
16%
Marilyn
16%
Maryse
16%
Nancy
16%
Rita
16%
Tania
16%
Anick
13%
Anik
13%
Charlène
13%
Corine
13%
Elizabeth
13%
Karina
13%
Lynda
13%
Mariane
13%
Marlène
13%
Maya
13%
Allison
9%
Andréane
9%
Angela
9%
Anie
9%
Bianca
9%
Erica
9%
Erika
9%
Gina
9%
Jacynthe
9%
Jasmine
9%
Jenny
9%
Joanne
9%
Kimberley
9%
Marie-Christine
9%
Marie-Line
9%
Marilyne
9%
Mélina
9%
Milène
9%
Rachelle
9%
Rebecca
9%
Suzie
9%
Suzy
9%
Tanya
9%
Amy
6%
Barbara
6%
Carolina
6%
Crystal
6%
Daniele
6%
Deborah
6%
Elaine
6%
Eliane
6%
Elyse
6%
Guylaine
6%
Ingrid
6%
Julie-Anne
6%
Kathleen
6%
Lisa-Marie
6%
Lydia
6%
Marie-Chantal
6%
Marie-Michèle
6%
Marie-Noël
6%
Marie-Soleil
6%
Marise
6%
Marjolaine
6%
Mélisa
6%
Natalie
6%
Pamela
6%
Priscilla
6%
Sandy
6%
Shirley
6%
Teresa
6%
Tiffany
6%
Tina
6%
Véronic
6%
Véronica
6%
Véronik
6%
Vicki
6%
Wendy
6%
Ann-Marie
3%
Audrée
3%
Brenda
3%
Carolyne
3%
Edith
3%
Erin
3%
Jacinthe
3%
Janick
3%
Janie
3%
Jessika
3%
Jolyane
3%
Karyn
3%
Karyne
3%
Katia
3%
Katleen
3%
Marie-Elaine
3%
Marie-Lyne
3%
Marie-Noëlle
3%
Marylène
3%
Miriam
3%
Monia
3%
Natasha
3%
Sabrine
3%
Sindy
3%
Stéfanie
3%
Tamara
3%
Tara
3%
Tracy
3%
Angie
0%
Annie-Claude
0%
Cheryl
0%
Cyndie
0%
Heidi
0%
Jamie
0%
Jinny
0%
Katrine
0%
Lysanne
0%
Maggie
0%
Marie-Andrée
0%
Mariève
0%
Marilène
0%
Marisa
0%
Peggy
0%
Shannon
0%
Sonya
0%
Susie
0%
Tammy
0%
Aucun quiz correspondant
Distribution des résultats
% des personnes avec chaque résultat
Percentile par nombre de réponses
Votre historique - résultats
Vous n’avez pas pris ce quiz